| 000 | 01471nam a2200373 a 4500 | ||
|---|---|---|---|
| 001 | 38542 | ||
| 003 | CO-BoRNBP | ||
| 005 | 20250801162559.0 | ||
| 007 | ta | ||
| 008 | 131031s2012 ck a gr 0001f spa d | ||
| 040 |
_aCO-BoBLA _bspa _cCO-BoBLA |
||
| 041 | 0 | _aspa | |
| 043 | _as-ck--- | ||
| 082 | 0 | 4 |
_a302.0986156 _bV45e |
| 100 | 1 |
_aVillalobos, Luis Hernando. _943712 |
|
| 240 | 1 | 0 | _aMeta-Bibliografía regional |
| 245 | 1 | 0 |
_aExperiencias exitosas de medios de comunicación en el Meta / _cartículos Luis Hernando Villalobos, Luis Emilio Rodríguez, Luis Fernando Lengua Hernández ; fotografía Dámaso Barrera, Maria del Rocio Pilar Romero. |
| 250 | _a1a. edición | ||
| 264 |
_aVillavicencio - Meta, Colombia _bGobernación del Meta, Instituto de Cultura del Meta _c2012 |
||
| 300 |
_a79 p. : _bil. ; _c20 cm. |
||
| 336 |
_2rdacontent _atexto _btxt |
||
| 337 |
_2rdamedia _asin mediación _bn |
||
| 338 |
_2rdacarrier _avolumen _bnc |
||
| 650 | 7 |
_aMedio de comunicación de masas _x Historia _z Meta (Colombia). _2BLAAUTO _943713 |
|
| 650 | 7 |
_aPeriodismo _x Historia _z Meta (Colombia). _2BLAAUTO _943714 |
|
| 650 | 7 |
_aRadiodifusión _x Historia _z Meta (Colombia). _2BLAAUTO _943715 |
|
| 700 | 1 |
_aRodríguez, Luis Emilio. _943716 |
|
| 700 | 1 |
_aLengua Hernández, Luis Fernando. _943717 |
|
| 700 | 1 |
_aBarrera, Dámaso, _efot. _943718 |
|
| 700 | 1 |
_aPilar Romero, Maria del Rocío, _efot. _943719 |
|
| 942 |
_2ddc _cBK |
||
| 949 |
_an _bn |
||
| 999 |
_c38542 _d38542 |
||